Statistics for Biblical Trios

Click here to take the quiz!

General Stats

  • This quiz has been taken 192 times
  • The average score is 14 of 33

Answer Stats

HintAnswer% Correct
God the Son
98%
The TrinityGod the Father
97%
God the Holy Spirit
96%
Abel
81%
Sons of Adam and EveCain
80%
The PatriarchsAbraham
72%
Isaac
66%
Jacob
63%
John
63%
Seth
63%
Ham
62%
Disciples who witnessed the transfiguration on the mountainPeter
61%
Sons of NoahShem
57%
James
49%
Friends of Daniel (Babylonian names)Shadrach
45%
Meshach
44%
Moses
44%
Abednego
43%
Japheth
41%
Aaron
34%
Children of Amram and JochebedMiriam
30%
Azariah
18%
Mishael
17%
Friends of Daniel (Hebrew Names)Hananiah
15%
Keziah
12%
Daughters of JobJemimah
11%
Keren-Happuch
11%
Sons of LamechJabal
10%
Jubal
10%
Lo-Ammi
10%
Tubal-Cain
10%
Lo-Ruhamah
8%
Children of (Hosea and) GomerJezreel
6%

Score Distribution

Percentile by Number Answered

Percent of People with Each Score

Your Score History

You have not taken this quiz